000 01853cam a22002054a 4500
005 20250605163924.0
008 250528s ||||||||||||||||||||||||d
035 _a14502
020 _a9602223340
040 _aGR-AtMCL
_bgre
_dGR-AtMCL
_eAACR2
245 1 _aΣυμβουλευτική και Συμβουλευτική Ψυχολογία / Η Θεωρία της, η Πράξη της, οι Εφαρμογές της
250 _a
260 _bΓρηγόρης,
_c1993
300 _a312
520 _aΠρόλογος, Εισαγωγή στη Συμβουλευτική, Έννοια και Θέση της Συμβουλευτικής, Θεωρητικό Υπόβαθρο της Συμβουλευτικής, Βασικές Θεωρίες Συμβουλευτικής, Συμπληρωματικά Συστήματα και Τάσεις της Συμβουλευτικής, Προς μια Δυναμική Εκλεκτική Εξελικτική Συμβουλευτική, Το Μέλλον της Θεωρίας της Συμβουλευτικής, Η Συμβουλευτική Σχέση και ο Σύμβουλος, Η Ατομική Συμβουλευτική Συνέντευξη, Ο Λειτουργός Συμβουλευτικής, Γενικές Μεθοδολογικές Προσεγγίσεις στη Συμβουλευτική, Η Ατομική Συμβουλευτική, Η Ομαδική Συμβουλευτική, Ειδικές Μεθόδοι/ Τεχνικές και Δεξιότητες στη Συμβουλευτική, Οι Ειδικές Τεχνικές - Δεξιότητες, Η Αξιολόγηση της Συμβουλευτικής, Βιβλιογραφικές Αναφορές.
700 1 _aΔημητροπουλος Ευσταθιος Γ
_9200
942 _cBK
999 _c131
_d131